000 00510nam a2200181Ia 4500
999 _c14358
_d14358
003 OSt
005 20201027103251.0
008 190216s9999||||xx |||||||||||||| ||und||
020 _a9780140169027
040 _coclc
082 _a823.914
_bBON/O
100 1 _aBond, Ruskin
_92056
245 0 _aOur Trees Still Grow In Dehra /
_cRuskin Bond
260 _bPenguin Books ,
_aNew Delhi:
_c1991.
300 _a164p
650 _aEnglish
942 _cBK
_2ddc
_h823.914
_iBON/O
_k823.914
_mBON/O